000 01077nas a2200361 4500
001 BR2012004016
003 BR-BrBNA
005 20231205120702.0
007 ta
008 230509b bl.|||p| |||| 00| 00por d
040 _aBR-BrBNA
_bpor
_cBiblioteca Nacional de Agricultura
041 _a(Pt)
072 _aF60; E50
100 1 _aPinho, L. de
100 1 _aSouza, P.N.S.
100 1 _aMacedo Sobrinho, E.
100 1 _aAlmeida, A.C. de
100 1 _aMartins, E.R.
245 1 _aAtividade antimicrobiana de extratos hidroalcoolicos das folhas de alecrim-pimenta, aroeira, barbatimão, erva baleeira e do farelo da casca de pequi
650 _aALECRIM
650 _aAROEIRA
650 _aBARBATIMÃO
650 _aPEQUI
650 _aFOLHA
650 _aCASCA
650 _aFARELO
650 _aEXTRATO VEGETAL
650 _aANÁLISE MICROBIOLOGICA
650 _aFITOTERAPIA
773 0 _tCiência Rural (Brazil)
_xISSN 0103-8478
_g(Feb 2012), v. 42(2) p. 326-331
_wBR2012004016
909 _a202311
_bLúcia
_c55
_dLúcia Elande
942 _2AGRIS
_n0
_cANA
999 _c219764
_d219764